[Event "Seville op 39th"]
[Site "Seville"]
[Date "2014.01.10"]
[Round "1"]
[White "Marin Munoz, Jose Maria"]
[Black "Lillo Castany, Victor"]
[Result "0-1"]
[WhiteElo "1791"]
[BlackElo "2315"]
[PlyCount "109"]
[EventDate "2014.01.10"]
[EventType "swiss"]
[EventRounds "9"]
[EventCountry "ESP"]
[SourceTitle "CBM 158 Extra"]
[Source "ChessBase"]
[SourceDate "2014.02.28"]
[SourceVersion "1"]
[SourceVersionDate "2014.02.28"]
[SourceQuality "1"]

1. e4 c5 2. Nc3 Nc6 3. g3 g6 4. Bg2 Bg7 5. Nge2 d6 6. h3 e6 7. d3 Nge7 8. 0-0 0-0 9. Bg5 Rb8 10. a4 a6 11. Qd2 Nd4 12. Rab1 Qc7 13. Nxd4 cxd4 14. Ne2 f6 15. Bh6 Bxh6 16. Qxh6 Qxc2 17. Nxd4 Qxa4 18. Nf3 Bd7 19. Rfc1 Qa5 20. Qf4 e5 21. Qe3 d5 22. b4 Qd8 23. Qc5 d4 24. Qc4+ Kg7 25. h4 Rc8 26. Qb3 Qb6 27. Nd2 Rxc1+ 28. Rxc1 Rc8 29. Nc4 Qc7 30. Rf1 Be6 31. Qa3 Bxc4 32. dxc4 Qxc4 33. b5 Rc7 34. bxa6 Qxa6 35. Qb2 Qc6 36. Qa3 Nc8 37. f4 Qc3 38. Qa4 Qxg3 39. fxe5 Qxe5 40. Rd1 Qg3 41. Qxd4 Rc2 42. Qd7+ Kh6 43. Qh3 Qxh3 44. Bxh3 b5 45. Rd8 Ne7 46. Rd7 Nc6 47. Be6 Ne5 48. Rb7 Rb2 49. Bg8 Nf3+ 50. Kf1 Nxh4 51. Rxh7+ Kg5 52. Be6 Nf3 53. Bd5 Kf4 54. Bc6 Ke3 55. Rh3 0-1